banner-ar

دراسات فى الشعر العربى المعاصر / (Record no. 66863)

MARC details
000 -الفاتح
حقل البيانات ثابتة الطول 00801nam a2200229Ia 4500
005 - وقت وتاريخ اخر تعامل مع التسجيلة
رقم الضبط 20240530110943.0
008 - عناصر البيانات ثابتة الطول - معلومات عامة
حقل البيانات ثابتة الطول 140319s1953 xx 000 0 ara d
017 ## - رقم الايداع القانونى
المصدر ( الهيئة المختصة) مصر. دار الكتب
040 ## - مصدر الفهرسة
وكالة الفهرسة الأصلية GCL /
وكالة النسخ GCL
082 04 - رقم تصنيف ديوى العشرى
رقم التصنيف 810.009 /
رقم المادة ش د
رقم الطبعة 21
100 ## - المدخل الرئيسى - إسم شخصى
الإسم الشخصى شوقى ضيف
245 10 - بيان العنوان
العنوان دراسات فى الشعر العربى المعاصر /
بيان المسئوليه,etc تاليف شوقى ضيف
260 ## - PUBLICATION, DISTRIBUTION, ETC. (IMPRINT)
تاريخ النشر أو التوزيع د . ت
260 ## - PUBLICATION, DISTRIBUTION, ETC. (IMPRINT)
تاريخ النشر أو التوزيع د . ت
300 ## - الوصف المادى
التعداد 200 ص؛
أبعاد الوعاء 24 سم
650 70 - المدخل الاضافى بالموضوع-مصطلح موضوعى
مصطلح موضوعي شوقى ضيف
مصدر الرأس أو المصطلح qrmak
650 70 - المدخل الاضافى بالموضوع-مصطلح موضوعى
مصطلح موضوعي الشعر العربى
مصدر الرأس أو المصطلح qrmak
650 70 - المدخل الاضافى بالموضوع-مصطلح موضوعى
مصطلح موضوعي الادب العربى
مصدر الرأس أو المصطلح qrmak
651 ## - المدخل الاضافى بالموضوع - اسم جغرافى
مصدر الرأس أو المصطلح qrmak
942 ## - عناصر المدخل الإضافي( كوها)
مصدر التصنيف او مخطط الترفيف Dewey Decimal Classification
Koha [default] item type كتاب
260 ## - PUBLICATION, DISTRIBUTION, ETC. (IMPRINT)
-- القاهرة :
-- مكتبة الخانجى،
260 ## - PUBLICATION, DISTRIBUTION, ETC. (IMPRINT)
-- بغداد :
-- مكتبة المثنى - بغداد ،
Holdings
حالة التراجع حالة الفقد حالة تلف ليس للاعارة المكان المؤقت الموقع الحالى موقع الترفيف تاريخ الاكتساب اجمالي اﻻعارات رقم الطلب الباركود تاريخ اخر مشاهدة تاريخ تفعيل السعر نوع وعاء كوها
        مكتبة القاهرة الكبرى مكتبة القاهرة الكبرى ق الرئيسية_الأداب_ك عربى 11/13/2022   810.009 / ش د 168832 11/13/2022 11/13/2022 كتاب

Powered By

EGPV